LEADER 01070nam0 2200277 4500 001 000031046 005 20161223123134.0 010 $a978-88-14-20724-2 100 $a20160826d2016----km-y0itay50------ba 101 0 $aita 102 $aIT 105 $ay-------001yy 200 1 $aInfortuni sul lavoro e malattie professionali$fAldo De Matteis 205 $a3. ed. aggiornata alla Legge di stabilit ?2016 (L. 28 dicembre 2015$bn. 208) 210 $aMilano$cGiuffr?$d2016 215 $aXXXVI, 912 p.$d25 cm 410 0$12001$aPratica giuridica 500 10$aInfortuni sul lavoro e malattie professionali$91071214 610 1 $aDiritto$aInfortuni sul lavoro$aMalattie professionali$aPrevenzione 676 $a344.450465$v22$9Diritto in materia di tuttela ambientale. Igiene e sicurezza industriale. Italia 700 1$aDe Matteis,$bAldo$f<1937- >$0238935 801 0$aIT$bUNIPARTHENOPE$c20160826$gRICA$2UNIMARC 912 $a000031046 951 $a344-I/11$b46133$cNAVA1$d2016 996 $aInfortuni sul lavoro e malattie professionali$91071214 997 $aUNIPARTHENOPE